[Event "SVK-chT2D 2223"]
[Site "Slovakia"]
[Date "2022.11.12"]
[Round "3.7"]
[White "Bodnar, Frantisek"]
[Black "Dzupin, Dominik"]
[Result "0-1"]
[WhiteElo "1290"]
[BlackElo "1621"]
[PlyCount "132"]
[EventDate "2022.10.08"]
[EventType "team-tourn"]
[EventRounds "11"]
[EventCountry "SVK"]
[SourceTitle "EXT 2024"]
[Source "ChessBase"]
[SourceDate "2023.10.10"]
[SourceVersion "1"]
[SourceVersionDate "2023.10.10"]
[SourceQuality "1"]
[WhiteTeam "Sabinov"]
[BlackTeam "Moldava nad Bodvou"]
[WhiteTeamCountry "SVK"]
[BlackTeamCountry "SVK"]

1. Nf3 d5 2. d4 Nf6 3. e3 Bg4 4. Nbd2 e6 5. h3 Bh5 6. Be2 c5 7. c3 Nc6 8. a3 cxd4 9. cxd4 Bd6 10. Qa4 0-0 11. b4 a6 12. Bb2 Qd7 13. Qd1 Bg6 14. Rc1 Ne4 15. Nb3 f5 16. Nc5 Qe7 17. Nxa6 f4 18. 0-0 fxe3 19. fxe3 Ng3 20. Ne5 Nxf1 21. Bxf1 Nxe5 22. dxe5 bxa6 23. exd6 Qxd6 24. Bd4 Rfc8 25. Bc5 Qg3 26. Qd4 Be8 27. Be2 Bb5 28. Bg4 Re8 29. Rc3 Bc4 30. Qd2 a5 31. e4 Qe5 32. Re3 axb4 33. exd5 Qxd5 34. Qxd5 exd5 35. Rxe8+ Rxe8 36. axb4 Kf7 37. Bd7 Re1+ 38. Kf2 Re2+ 39. Kf3 Rb2 40. g3 Rb3+ 41. Kf4 h6 42. h4 Kf6 43. h5 Be2 44. Bg4 Bxg4 45. Kxg4 g6 46. hxg6 Kxg6 47. Kf4 Kf6 48. g4 Ke6 49. Bf8 Rh3 50. b5 d4 51. b6 Kd7 52. Ke4 d3 53. Bb4 Kc6 54. Ba5 Rg3 55. Kf4 Rh3 56. Ke4 Kb7 57. Bd2 Kxb6 58. Be3+ Kc6 59. Kxd3 Kd5 60. Ke2 Ke4 61. Bb6 Kf4 62. Bf2 Kxg4 63. Bg1 Rf3 64. Bf2 h5 65. Be1 Ra3 66. Bf2 h4 0-1

[Event "Liptovsky Jan op"]
[Site "Liptovsky Jan"]
[Date "2022.06.24"]
[Round "3.54"]
[White "Socha, Wiktor"]
[Black "Bodnar, Frantisek"]
[Result "1-0"]
[WhiteElo "1020"]
[BlackElo "1394"]
[PlyCount "65"]
[EventDate "2022.06.23"]
[EventType "swiss"]
[EventRounds "7"]
[EventCountry "SVK"]
[SourceTitle "CBM 209 Extra"]
[Source "ChessBase"]
[SourceDate "2022.09.30"]
[SourceVersion "1"]
[SourceVersionDate "2022.09.30"]
[SourceQuality "1"]

1. e4 e5 2. Nf3 Bc5 3. c3 Nf6 4. d4 exd4 5. cxd4 Bb4+ 6. Bd2 Qe7 7. Bd3 Nc6 8. a3 Bxd2+ 9. Nbxd2 d6 10. 0-0 0-0 11. Re1 Bg4 12. h3 Bh5 13. e5 dxe5 14. dxe5 Nd7 15. g4 Bg6 16. Bxg6 fxg6 17. Qb3+ Kh8 18. Nc4 Nc5 19. Qe3 Rad8 20. b4 Rd3 21. Qxc5 Qxc5 22. bxc5 Rdxf3 23. Rab1 b6 24. cxb6 cxb6 25. Nd6 Rxf2 26. e6 Ne7 27. Rbc1 Rd2 28. Rc7 Rxd6 29. Rxe7 a5 30. Rd7 Rc6 31. e7 Re8 32. Rd8 Rc8 33. Rxc8 1-0